[Event "Victoria Grand Pacific op 8th"]
[Site "Victoria"]
[Date "2014.04.20"]
[Round "4"]
[White "Rohonyan, Katerina"]
[Black "Nguyen, Kim"]
[Result "1/2-1/2"]
[WhiteElo "2351"]
[BlackElo "2231"]
[PlyCount "86"]
[EventDate "2014.04.18"]
[EventType "swiss"]
[EventRounds "6"]
[EventCountry "CAN"]
[SourceTitle "CBM 160 Extra"]
[Source "ChessBase"]
[SourceDate "2014.07.01"]
[SourceVersion "1"]
[SourceVersionDate "2014.07.01"]
[SourceQuality "1"]

1. e4 c5 2. Nf3 d6 3. d4 cxd4 4. Nxd4 Nf6 5. Nc3 a6 6. Bg5 e6 7. f4 Qb6 8. Nb3 Nbd7 9. Qf3 Qc7 10. Bd3 b5 11. a3 Be7 12. 0-0 h6 13. Bh4 g5 14. Bg3 gxf4 15. Bxf4 Bb7 16. Kh1 Ne5 17. Bxe5 dxe5 18. a4 b4 19. Nd1 Rh7 20. Ne3 h5 21. a5 h4 22. Ng4 Nh5 23. Nf2 0-0-0 24. Nh3 Rg8 25. Rf2 Bc5 26. Nxc5 Qxc5 27. Qe2 Ng3+ 28. hxg3 hxg3 29. Rf6 Rxh3+ 30. gxh3 g2+ 31. Qxg2 Rxg2 32. Kxg2 Qe3 33. Raf1 Bxe4+ 34. Bxe4 Qxe4+ 35. Kg3 Qxc2 36. Rxf7 Qg6+ 37. Kh2 e4 38. Ra7 Qh6 39. Rff7 Qd2+ 40. Kg3 Qg5+ 41. Kf2 Qd2+ 42. Kg1 Qc1+ 43. Kg2 Qg5+ 1/2-1/2

[Event "Victoria Grand Pacific op 8th"]
[Site "Victoria"]
[Date "2014.04.19"]
[Round "3"]
[White "Doknjas, Joshua"]
[Black "Rohonyan, Katerina"]
[Result "0-1"]
[WhiteElo "2004"]
[BlackElo "2351"]
[PlyCount "86"]
[EventDate "2014.04.18"]
[EventType "swiss"]
[EventRounds "6"]
[EventCountry "CAN"]
[SourceTitle "CBM 160 Extra"]
[Source "ChessBase"]
[SourceDate "2014.07.01"]
[SourceVersion "1"]
[SourceVersionDate "2014.07.01"]
[SourceQuality "1"]

1. e4 g6 2. Nf3 Bg7 3. d4 d6 4. Nc3 Nf6 5. h3 0-0 6. Be3 a6 7. a4 b6 8. Be2 Bb7 9. Nd2 Nbd7 10. 0-0 e6 11. f4 c5 12. Bf3 Ng4 13. hxg4 cxd4 14. Nc4 dxc3 15. b4 d5 16. exd5 Bxd5 17. Bxd5 exd5 18. Qxd5 Qc7 19. a5 b5 20. Nb6 Rad8 21. Nxd7 Rxd7 22. Qf3 Qc4 23. Kh1 Qxb4 24. Qc6 Qe7 25. Bc5 Qh4+ 26. Kg1 Rd2 27. Qxa6 Rxc2 28. Qxb5 Qxg4 29. Bf2 Rxf2 30. Rxf2 Bd4 31. a6 Qxf4 32. Qe2 Kg7 33. a7 Ra8 34. Kf1 Bxf2 35. Qxf2 Qc4+ 36. Kg1 c2 37. Rc1 Qa4 38. Kh1 Rxa7 39. Rxc2 Qa1+ 40. Kh2 Ra5 41. g4 h5 42. Rb2 hxg4 43. Qd4+ Kh7 0-1

[Event "Victoria Grand Pacific op 8th"]
[Site "Victoria"]
[Date "2014.04.18"]
[Round "1"]
[White "Brown, Rod"]
[Black "Rohonyan, Katerina"]
[Result "0-1"]
[WhiteElo "1907"]
[BlackElo "2351"]
[PlyCount "58"]
[EventDate "2014.04.18"]
[EventType "swiss"]
[EventRounds "6"]
[EventCountry "CAN"]
[SourceTitle "CBM 160 Extra"]
[Source "ChessBase"]
[SourceDate "2014.07.01"]
[SourceVersion "1"]
[SourceVersionDate "2014.07.01"]
[SourceQuality "1"]

1. c4 e5 2. Nc3 Nc6 3. d3 g6 4. g3 Bg7 5. Bg2 d6 6. e4 Nge7 7. Nge2 0-0 8. 0-0 a6 9. Rb1 Rb8 10. a4 a5 11. b3 f5 12. f4 Be6 13. Nd5 Qd7 14. Nec3 fxe4 15. dxe4 Bh3 16. Nxe7+ Nxe7 17. Nd5 Bxg2 18. Kxg2 exf4 19. Bxf4 Nc6 20. Nxc7 Qxc7 21. Bxd6 Rxf1 22. Qd5+ Qf7 23. Rxf1 Qxd5 24. exd5 Rd8 25. Bc7 Rc8 26. Bb6 Bd4 27. c5 Ne5 28. Rc1 Nd7 29. Bxa5 Rxc5 0-1

[Event "Washington op 2nd"]
[Site "Rockville"]
[Date "2013.08.11"]
[Round "9"]
[White "Rozman, Levy"]
[Black "Rohonyan, Katerina"]
[Result "1/2-1/2"]
[WhiteElo "2207"]
[BlackElo "2299"]
[PlyCount "40"]
[EventDate "2013.08.06"]
[EventType "swiss"]
[EventRounds "9"]
[EventCountry "USA"]
[SourceTitle "EXT 2014"]
[Source "ChessBase"]
[SourceDate "2013.11.20"]
[SourceVersion "1"]
[SourceVersionDate "2013.11.20"]
[SourceQuality "1"]

1. e4 c5 2. c3 d5 3. exd5 Qxd5 4. d4 Nf6 5. Nf3 Bg4 6. Be2 cxd4 7. cxd4 e6 8. Nc3 Qa5 9. 0-0 Nc6 10. Be3 Bd6 11. h3 Bh5 12. Nd2 Bxe2 13. Qxe2 0-0 14. Rfd1 Nd5 15. Nde4 Rad8 16. Nxd5 exd5 17. Nxd6 Rxd6 18. a3 Re8 19. Rac1 Rh6 20. Qd3 a6 1/2-1/2

[Event "Washington op 2nd"]
[Site "Rockville"]
[Date "2013.08.08"]
[Round "6"]
[White "Rohonyan, Katerina"]
[Black "Schuyler, James"]
[Result "1-0"]
[WhiteElo "2299"]
[BlackElo "2333"]
[PlyCount "73"]
[EventDate "2013.08.06"]
[EventType "swiss"]
[EventRounds "9"]
[EventCountry "USA"]
[SourceTitle "EXT 2014"]
[Source "ChessBase"]
[SourceDate "2013.11.20"]
[SourceVersion "1"]
[SourceVersionDate "2013.11.20"]
[SourceQuality "1"]

1. e4 Nc6 2. Nc3 Nf6 3. d4 d6 4. d5 Nb8 5. Nf3 g6 6. Bg5 Bg7 7. Qd2 c6 8. 0-0-0 Bg4 9. Be2 Nbd7 10. Bh6 Bxh6 11. Qxh6 Qb6 12. Rhf1 0-0-0 13. dxc6 bxc6 14. h3 Bxf3 15. Bxf3 Kc7 16. Kb1 Nc5 17. Qe3 Rb8 18. b3 e5 19. Rd2 Qb4 20. g4 Rhd8 21. Rfd1 a5 22. g5 Ne8 23. Kb2 Rb7 24. Bg4 Qb6 25. a3 Ng7 26. Re1 Nge6 27. Bxe6 fxe6 28. Red1 Rbb8 29. h4 Rd7 30. h5 Rf8 31. hxg6 hxg6 32. Ka2 Rdf7 33. Rxd6 Rxf2 34. Rd7+ Kc8 35. Rd8+ Kb7 36. R1d7+ Ka6 37. Qxf2 1-0

[Event "CAN-ch op 49th"]
[Site "Victoria"]
[Date "2012.07.08"]
[Round "2"]
[White "Rohonyan, Katerina"]
[Black "Kenney, Jason"]
[Result "1-0"]
[WhiteElo "2294"]
[BlackElo "2136"]
[PlyCount "47"]
[EventDate "2012.07.08"]
[EventType "swiss"]
[EventRounds "9"]
[EventCountry "CAN"]
[SourceTitle "CBM 149 Extra"]
[Source "ChessBase"]
[SourceDate "2012.08.24"]
[SourceVersion "1"]
[SourceVersionDate "2012.08.24"]
[SourceQuality "1"]

1. e4 c5 2. Nc3 Nc6 3. Bb5 Nd4 4. Bc4 g6 5. Nf3 Bg7 6. Nxd4 cxd4 7. Qf3 e6 8. Ne2 Ne7 9. d3 0-0 10. h4 b5 11. Bb3 Bb7 12. Qh3 Qb6 13. h5 f6 14. a4 a6 15. hxg6 hxg6 16. Bh6 Bxh6 17. Qxh6 Kf7 18. Qh7+ Ke8 19. Qg7 Qd6 20. axb5 axb5 21. Rxa8+ Bxa8 22. Rh8 Nc6 23. Qxg6+ Kd8 24. Qxf6+ 1-0

[Event "Washington State-ch"]
[Site "Seattle"]
[Date "2011.02.13"]
[Round "3"]
[White "Greninger, Harley"]
[Black "Rohonyan, Katerina"]
[Result "1/2-1/2"]
[WhiteElo "2215"]
[BlackElo "2306"]
[PlyCount "45"]
[EventDate "2011.02.11"]
[EventType "tourn"]
[EventRounds "9"]
[EventCountry "USA"]
[EventCategory "1"]
[SourceTitle "EXT 2017"]
[Source "ChessBase"]
[SourceDate "2016.10.25"]
[SourceVersion "1"]
[SourceVersionDate "2016.10.25"]
[SourceQuality "1"]

1. d4 d5 2. c4 c6 3. Nc3 Nf6 4. cxd5 cxd5 5. f3 Nc6 6. e4 dxe4 7. d5 Ne5 8. fxe4 e6 9. Nf3 Nxf3+ 10. Qxf3 exd5 11. e5 Ne4 12. Bb5+ Bd7 13. Rf1 f6 14. Bxd7+ Qxd7 15. Nxe4 dxe4 16. Qxe4 0-0-0 17. Bf4 fxe5 18. Qxe5 Bb4+ 19. Kf2 Bd6 20. Rac1+ Kb8 21. Qxd6+ Qxd6 22. Bxd6+ Rxd6 23. Rfd1 1/2-1/2

[Event "Pan-Armenian ol"]
[Site "Yerevan"]
[Date "2010.08.19"]
[Round "5"]
[White "Hairapetian, Anna"]
[Black "Rohonyan, Katerina"]
[Result "1/2-1/2"]
[WhiteElo "2213"]
[BlackElo "2319"]
[PlyCount "59"]
[EventDate "2010.08.15"]
[EventType "swiss"]
[EventRounds "9"]
[EventCountry "ARM"]
[SourceTitle "CBM 138 Extra"]
[Source "ChessBase"]
[SourceDate "2010.10.29"]
[SourceVersion "1"]
[SourceVersionDate "2010.10.29"]
[SourceQuality "1"]

1. e4 g6 2. d4 Bg7 3. c4 c5 4. Nf3 cxd4 5. Nxd4 Nc6 6. Be3 Nf6 7. Nc3 0-0 8. Be2 d6 9. 0-0 Bd7 10. Nc2 a5 11. Qd2 Be6 12. f3 Nd7 13. Nd4 Nxd4 14. Bxd4 Bxd4+ 15. Qxd4 Qb6 16. Qxb6 Nxb6 17. Nd5 Bxd5 18. cxd5 Rac8 19. Rfc1 Kg7 20. Kf2 f5 21. Ke3 Kf6 22. Kd4 f4 23. Bb5 h5 24. Rc3 g5 25. Rac1 Rxc3 26. Rxc3 Rc8 27. Rxc8 Nxc8 28. Be8 h4 29. Kc4 e6 30. Bh5 1/2-1/2

[Event "Pan-Armenian ol"]
[Site "Yerevan"]
[Date "2010.08.17"]
[Round "3"]
[White "Airapetian, Gor"]
[Black "Rohonyan, Katerina"]
[Result "1-0"]
[WhiteElo "2436"]
[BlackElo "2319"]
[PlyCount "75"]
[EventDate "2010.08.15"]
[EventType "swiss"]
[EventRounds "9"]
[EventCountry "ARM"]
[SourceTitle "CBM 138 Extra"]
[Source "ChessBase"]
[SourceDate "2010.10.29"]
[SourceVersion "1"]
[SourceVersionDate "2010.10.29"]
[SourceQuality "1"]

1. d4 d5 2. c4 c6 3. Nc3 Nf6 4. e3 g6 5. Nf3 Bg7 6. Be2 0-0 7. 0-0 a6 8. a4 Ne4 9. Qc2 f5 10. cxd5 Nxc3 11. bxc3 cxd5 12. c4 e6 13. cxd5 exd5 14. Ne5 Nd7 15. Ba3 Rf6 16. Nd3 Rc6 17. Qa2 Nf6 18. Rfc1 Ne4 19. Rxc6 bxc6 20. Qc2 Bd7 21. Ne5 Bxe5 22. dxe5 a5 23. e6 Qf6 24. Rb1 Qxe6 25. Bd3 Nf6 26. Qc3 Re8 27. Qxa5 Ng4 28. Qd2 Qe5 29. g3 c5 30. Bxc5 Bxa4 31. Bd4 Qc7 32. Qa2 Bc6 33. Rc1 Qb7 34. Qa6 Qxa6 35. Bxa6 Ba8 36. Rc7 Nh6 37. Rg7+ Kf8 38. Rxh7 1-0

[Event "USA-ch (Women)"]
[Site "Saint Louis"]
[Date "2010.07.19"]
[Round "9"]
[White "Rohonyan, Katerina"]
[Black "Abrahamyan, Tatev"]
[Result "0-1"]
[WhiteElo "2319"]
[BlackElo "2310"]
[PlyCount "118"]
[EventDate "2010.07.10"]
[EventType "tourn"]
[EventRounds "9"]
[EventCountry "USA"]
[EventCategory "3"]
[SourceTitle "CBM 137 Extra"]
[Source "ChessBase"]
[SourceDate "2010.09.01"]
[SourceVersion "1"]
[SourceVersionDate "2010.09.01"]
[SourceQuality "1"]

1. Nf3 Nf6 2. c4 g6 3. Nc3 Bg7 4. g3 0-0 5. Bg2 d6 6. d3 h6 7. 0-0 e5 8. Rb1 a5 9. a3 Re8 10. e4 c6 11. h3 Be6 12. b3 Na6 13. d4 Qc7 14. Be3 a4 15. Nxa4 Nxe4 16. Rc1 exd4 17. Bxd4 Nac5 18. Nxc5 Nxc5 19. Bxg7 Kxg7 20. b4 Nd7 21. Rc3 c5 22. Nd2 f5 23. Re1 Bf7 24. Rxe8 Rxe8 25. Nf1 Nf6 26. Ne3 cxb4 27. axb4 Qb6 28. Rd3 Qxb4 29. Rxd6 Re6 30. Rd8 b6 31. Kh2 Qb2 32. Rd2 Qe5 33. Bd5 f4 34. Ng2 fxg3+ 35. fxg3 Nxd5 36. Rxd5 Qf6 37. Rb5 Rd6 38. Qg1 Bxc4 39. Rb1 b5 40. Qa7+ Qf7 41. Qb8 Rd2 42. Rxb5 Rxg2+ 43. Kxg2 Qf1+ 44. Kh2 Qe2+ 45. Kg1 Bxb5 46. Qc7+ Kg8 47. Qd8+ Qe8 48. Qd5+ Kh7 49. Qb7+ Qd7 50. Qb6 Bc6 51. g4 Bb7 52. Qf2 Qd1+ 53. Kh2 Qf3 54. Qd2 Bd5 55. g5 Qh1+ 56. Kg3 Qg1+ 57. Kh4 hxg5+ 58. Qxg5 Qf2+ 59. Qg3 g5+ 0-1

[Event "USA-ch (Women)"]
[Site "Saint Louis"]
[Date "2010.07.17"]
[Round "7"]
[White "Rohonyan, Katerina"]
[Black "Marshall, Abby"]
[Result "1-0"]
[WhiteElo "2319"]
[BlackElo "2182"]
[PlyCount "95"]
[EventDate "2010.07.10"]
[EventType "tourn"]
[EventRounds "9"]
[EventCountry "USA"]
[EventCategory "3"]
[SourceTitle "CBM 137 Extra"]
[Source "ChessBase"]
[SourceDate "2010.09.01"]
[SourceVersion "1"]
[SourceVersionDate "2010.09.01"]
[SourceQuality "1"]

1. d4 d5 2. c4 Nc6 3. Nf3 Bg4 4. cxd5 Bxf3 5. gxf3 Qxd5 6. e3 e5 7. Nc3 Bb4 8. Bd2 Bxc3 9. bxc3 Qd6 10. Rb1 b6 11. f4 exf4 12. e4 Nge7 13. Qf3 0-0 14. Bxf4 Qa3 15. Bg2 Ng6 16. 0-0 Nxd4 17. cxd4 Qxf3 18. Bxf3 Nxf4 19. Rfc1 c5 20. dxc5 Nd3 21. Rc4 Nxc5 22. a4 Rad8 23. a5 Rd6 24. axb6 axb6 25. Rcb4 Rb8 26. h4 Rf6 27. Kg2 Kf8 28. h5 Ke7 29. Rb5 Ne6 30. Bg4 Kd8 31. Rd5+ Kc7 32. Rc1+ Nc5 33. e5 Rc6 34. f4 Rd8 35. Bf3 Rh6 36. Ra1 Rxd5 37. Bxd5 b5 38. Bxf7 Nd3 39. Kf3 Nb4 40. Ke4 Kb6 41. e6 Nc6 42. Rd1 b4 43. Rd6 Rf6 44. Rxc6+ Kxc6 45. e7 Rxf7 46. e8Q+ Rd7 47. Qe6+ Kc7 48. Qc4+ 1-0

[Event "USA-ch (Women)"]
[Site "Saint Louis"]
[Date "2010.07.13"]
[Round "4"]
[White "Krush, Irina"]
[Black "Rohonyan, Katerina"]
[Result "1-0"]
[WhiteElo "2476"]
[BlackElo "2319"]
[PlyCount "97"]
[EventDate "2010.07.10"]
[EventType "tourn"]
[EventRounds "9"]
[EventCountry "USA"]
[EventCategory "3"]
[SourceTitle "CBM 137 Extra"]
[Source "ChessBase"]
[SourceDate "2010.09.01"]
[SourceVersion "1"]
[SourceVersionDate "2010.09.01"]
[SourceQuality "1"]

1. d4 d5 2. c4 c6 3. Nf3 Nf6 4. Nc3 a6 5. c5 Nbd7 6. Bf4 Nh5 7. Bd2 Nhf6 8. Qc2 g6 9. h3 Qc7 10. e4 Nxe4 11. Nxe4 dxe4 12. Ng5 h6 13. Nxe4 Bg7 14. Bc4 Nf6 15. Nxf6+ Bxf6 16. Qb3 e6 17. Be3 Bd7 18. Qc2 Bg7 19. 0-0 0-0 20. Qd2 Kh7 21. Bf4 Qd8 22. Bd6 Re8 23. Rfe1 a5 24. Re3 b6 25. Rae1 bxc5 26. dxc5 Bc8 27. Qe2 a4 28. Qf3 Qd7 29. b4 axb3 30. Bxb3 Ba6 31. h4 h5 32. g4 Bh6 33. gxh5 Bxe3 34. hxg6+ fxg6 35. Rxe3 e5 36. Bc2 Re6 37. h5 Rxd6 38. cxd6 Kg7 39. Rxe5 Qxd6 40. Rg5 Rf8 41. Qc3+ Rf6 42. Rxg6+ Kf7 43. Qxf6+ Qxf6 44. Rxf6+ Kxf6 45. h6 c5 46. Kg2 Bc4 47. a4 Ba2 48. Kf3 c4 49. Ke3 1-0

[Event "Washington op"]
[Site "Redmond"]
[Date "2010.05.31"]
[Round "6"]
[White "Rohonyan, Katerina"]
[Black "Sinanan, Joshua C"]
[Result "1/2-1/2"]
[WhiteElo "2329"]
[BlackElo "2258"]
[PlyCount "79"]
[EventDate "2010.05.30"]
[EventType "swiss"]
[EventRounds "6"]
[EventCountry "USA"]
[SourceTitle "EXT 2017"]
[Source "ChessBase"]
[SourceDate "2016.10.25"]
[SourceVersion "1"]
[SourceVersionDate "2016.10.25"]
[SourceQuality "1"]

1. d4 Nf6 2. Nc3 d5 3. Bg5 c5 4. Bxf6 gxf6 5. e3 e6 6. Nge2 Nc6 7. g3 f5 8. Bg2 Bg7 9. 0-0 cxd4 10. exd4 Qb6 11. Na4 Qc7 12. c3 b6 13. Nf4 0-0 14. b3 Bd7 15. Nb2 Ne7 16. Rc1 Rac8 17. Re1 Ng6 18. Nh5 Bh8 19. Qd2 Bb5 20. Nd1 Qd6 21. Ne3 Bd7 22. Bf1 Rc7 23. h3 Rfc8 24. Ba6 Rd8 25. Bd3 Rdc8 26. f4 Qa3 27. Bb1 Qa5 28. Nd1 b5 29. g4 Qb6 30. Ne3 b4 31. gxf5 bxc3 32. Qg2 exf5 33. Kh1 Qxd4 34. Bxf5 Re8 35. Nxd5 Rxe1+ 36. Rxe1 Bc6 37. Kh2 Bg7 38. Re8+ Bxe8 39. Nxc7 Qd8 40. Nxe8 1/2-1/2

[Event "Washington op"]
[Site "Redmond"]
[Date "2010.05.30"]
[Round "1"]
[White "Daroza, Eduardo J"]
[Black "Rohonyan, Katerina"]
[Result "0-1"]
[WhiteElo "2085"]
[BlackElo "2329"]
[PlyCount "38"]
[EventDate "2010.05.30"]
[EventType "swiss"]
[EventRounds "6"]
[EventCountry "USA"]
[SourceTitle "EXT 2017"]
[Source "ChessBase"]
[SourceDate "2016.10.25"]
[SourceVersion "1"]
[SourceVersionDate "2016.10.25"]
[SourceQuality "1"]

1. Nf3 c5 2. c4 g6 3. g3 Bg7 4. Nc3 Nc6 5. Bg2 e6 6. 0-0 Nge7 7. d4 Nxd4 8. Nxd4 cxd4 9. Nb5 Nf5 10. g4 Nh4 11. Nd6+ Kf8 12. Bh1 h5 13. g5 Qc7 14. c5 Qxc5 15. Bf4 e5 16. Ne4 Qe7 17. Bd2 Kg8 18. Qb3 a5 19. Rac1 d5 0-1

[Event "Washington State-ch"]
[Site "Redmond"]
[Date "2009.02.15"]
[Round "8"]
[White "Chen, Howard"]
[Black "Rohonyan, Katerina"]
[Result "1-0"]
[WhiteElo "2101"]
[BlackElo "2337"]
[PlyCount "55"]
[EventDate "2009.02.07"]
[EventType "tourn"]
[EventRounds "9"]
[EventCountry "USA"]
[EventCategory "1"]
[SourceTitle "EXT 2017"]
[Source "ChessBase"]
[SourceDate "2016.10.25"]
[SourceVersion "1"]
[SourceVersionDate "2016.10.25"]
[SourceQuality "1"]

1. e4 g6 2. d4 Bg7 3. Nf3 d6 4. c3 Nf6 5. Bd3 0-0 6. 0-0 h6 7. Re1 e6 8. a3 Nc6 9. Nbd2 b6 10. b4 a6 11. Qc2 Bb7 12. Bb2 Ne7 13. Rad1 Nd7 14. c4 c5 15. dxc5 bxc5 16. Bxg7 Kxg7 17. e5 dxe5 18. Be4 Bxe4 19. Nxe4 Qc7 20. Rxd7 Qxd7 21. Nxc5 Qc8 22. Nxe5 Ra7 23. Ng4 Ng8 24. Qc3+ Kh7 25. Ne4 e5 26. Nef6+ Kh8 27. Rxe5 Rd8 28. Re1 1-0

[Event "Washington State-ch"]
[Site "Redmond"]
[Date "2009.02.08"]
[Round "4"]
[White "Rohonyan, Katerina"]
[Black "Cozianu, Costin"]
[Result "0-1"]
[WhiteElo "2337"]
[BlackElo "2439"]
[PlyCount "88"]
[EventDate "2009.02.07"]
[EventType "tourn"]
[EventRounds "9"]
[EventCountry "USA"]
[EventCategory "1"]
[SourceTitle "EXT 2017"]
[Source "ChessBase"]
[SourceDate "2016.10.25"]
[SourceVersion "1"]
[SourceVersionDate "2016.10.25"]
[SourceQuality "1"]

1. e4 e5 2. Nf3 Nc6 3. Nc3 Nf6 4. g3 Bb4 5. Bg2 d6 6. d3 h6 7. 0-0 0-0 8. h3 Ne7 9. a3 Bxc3 10. bxc3 Nh7 11. d4 Ng6 12. Be3 Be6 13. Qd3 Qc8 14. Kh2 Nf6 15. Nd2 d5 16. Rab1 c6 17. f4 exf4 18. gxf4 dxe4 19. Nxe4 Nxe4 20. Bxe4 f5 21. Bf3 Bd5 22. Bh5 Kh7 23. Rg1 Rf6 24. Bd2 b5 25. Qg3 Bf7 26. h4 Qd7 27. Bf3 Rg8 28. Rbe1 Ne7 29. Rg2 Rg6 30. Qf2 Rxg2+ 31. Qxg2 Bd5 32. h5 Bxf3 33. Qxf3 Nd5 34. Qg2 Qf7 35. Qg6+ Qxg6 36. hxg6+ Kxg6 37. Re6+ Kf7 38. Rxc6 Re8 39. c4 bxc4 40. Kg3 Re2 41. Ba5 Rxc2 42. Rc5 Ke6 43. Rc6+ Kd7 44. Rg6 Rg2+ 0-1

[Event "USA tt"]
[Site "ICC INT"]
[Date "2008.10.29"]
[Round "10"]
[White "Adamson, Robby"]
[Black "Rohonyan, Katerina"]
[Result "1-0"]
[WhiteElo "2324"]
[BlackElo "2334"]
[PlyCount "163"]
[EventDate "2008.10.22"]
[EventType "team"]
[EventRounds "10"]
[EventCountry "USA"]
[SourceTitle "EXT 2009"]
[Source "ChessBase"]
[SourceDate "2008.11.26"]
[SourceVersion "1"]
[SourceVersionDate "2008.11.26"]
[SourceQuality "1"]

1. e4 c5 2. Nf3 Nc6 3. d4 cxd4 4. Nxd4 e5 5. Nb5 d6 6. N1c3 a6 7. Na3 Be7 8. Nc4 b5 9. Ne3 Nf6 10. g3 0-0 11. Bg2 b4 12. Ncd5 Nxd5 13. Nxd5 Bg5 14. Bxg5 Qxg5 15. a3 Rb8 16. axb4 Nxb4 17. Ne3 Qd8 18. 0-0 Nc6 19. b3 Nd4 20. Qd3 Bb7 21. Rfd1 Rc8 22. Rd2 Qc7 23. Nf5 Nxf5 24. exf5 d5 25. f6 e4 26. Qd4 Qc3 27. fxg7 Rfe8 28. Ra4 Re7 29. Bf1 Qxd4 30. Raxd4 Rc3 31. Rb4 Rd7 32. Rxe4 Kxg7 33. Red4 Re7 34. Bd3 Rc6 35. Rd1 h6 36. Rg4+ Kf8 37. Rd4 Rf6 38. Kf1 Kg7 39. Re1 Ree6 40. Rg4+ Kf8 41. Rb4 Rb6 42. Rxb6 Rxb6 43. f4 Rb4 44. Kf2 h5 45. Ra1 Rb6 46. Ke3 h4 47. g4 h3 48. Rg1 Rh6 49. Kd4 Ke7 50. Rg3 Kd6 51. Bf1 Rh4 52. Ke3 f5 53. Be2 fxg4 54. Bxg4 d4+ 55. Kxd4 Bg2 56. Bf3 Rxf4+ 57. Ke3 Rh4 58. Bxg2 hxg2 59. Rxg2 Ke5 60. Rg5+ Kd6 61. Rg6+ Kc5 62. Rxa6 Rxh2 63. Kd3 Rh3+ 64. Kd2 Rh2+ 65. Kc3 Rh3+ 66. Kb2 Kb4 67. Rf6 Rh2 68. Rf4+ Kb5 69. Rf5+ Kb4 70. Rf4+ Kb5 71. Re4 Rg2 72. Rd4 Kc5 73. Rd3 Kb4 74. Rd8 Rh2 75. Rb8+ Kc5 76. Ka3 Kd4 77. Rc8 Rh7 78. Rc4+ Ke3 79. b4 Rb7 80. Kb3 Kd2 81. Rd4+ Ke3 82. Rd8 1-0

[Event "World-ch (Women) k.o."]
[Site "Nalchik"]
[Date "2008.09.03"]
[Round "2.4"]
[White "Gaponenko, Inna"]
[Black "Rohonyan, Katerina"]
[Result "1-0"]
[WhiteElo "2468"]
[BlackElo "2321"]
[PlyCount "99"]
[EventDate "2008.08.29"]
[EventType "k.o."]
[EventRounds "6"]
[EventCountry "RUS"]
[SourceTitle "CBM 126 Extra"]
[Source "ChessBase"]
[SourceDate "2008.11.05"]
[SourceVersion "1"]
[SourceVersionDate "2008.11.05"]
[SourceQuality "1"]

1. e4 c5 2. Nf3 Nc6 3. d4 cxd4 4. Nxd4 e5 5. Nb5 d6 6. N1c3 a6 7. Na3 Be7 8. Nc4 b5 9. Ne3 Nf6 10. g3 0-0 11. Bg2 b4 12. Ncd5 Nxd5 13. Nxd5 Bg5 14. 0-0 Bxc1 15. Rxc1 Be6 16. Ne3 Qb6 17. Nf5 Rfd8 18. c4 Ra7 19. b3 Qc5 20. Qd2 f6 21. Rfd1 Rad7 22. Ne3 g6 23. Nd5 Kg7 24. Kh1 a5 25. f4 Nd4 26. Rf1 Bxd5 27. cxd5 Qb5 28. Rc4 Re7 29. Qf2 Rf8 30. h4 h5 31. Kh2 Qb8 32. Bh3 Rc7 33. fxe5 dxe5 34. Rfc1 Rff7 35. Qf1 Qb6 36. Qd3 Qd6 37. Bc8 Qb6 38. Bh3 Ra7 39. Bg2 a4 40. bxa4 Rxa4 41. Qd2 b3 42. Rxa4 b2 43. Rb1 Rb7 44. Ra3 Qc5 45. Rxb2 Rc7 46. Ra8 f5 47. exf5 Nxf5 48. Rbb8 Ne3 49. Rg8+ Kf7 50. Qf2+ 1-0

[Event "World-ch (Women) k.o."]
[Site "Nalchik"]
[Date "2008.09.01"]
[Round "2.1"]
[White "Gaponenko, Inna"]
[Black "Rohonyan, Katerina"]
[Result "1-0"]
[WhiteElo "2468"]
[BlackElo "2321"]
[PlyCount "65"]
[EventDate "2008.08.29"]
[EventType "k.o."]
[EventRounds "6"]
[EventCountry "RUS"]
[SourceTitle "CBM 126 Extra"]
[Source "ChessBase"]
[SourceDate "2008.11.05"]
[SourceVersion "1"]
[SourceVersionDate "2008.11.05"]
[SourceQuality "1"]

1. e4 g6 2. d4 Bg7 3. Nc3 d6 4. f4 Nf6 5. Nf3 0-0 6. a3 Nc6 7. Bb5 Bg4 8. Be3 e5 9. dxe5 dxe5 10. Bxc6 exf4 11. Bc5 bxc6 12. Bxf8 Qxf8 13. 0-0 Be6 14. h3 Qc5+ 15. Rf2 Nd7 16. Na4 Qc4 17. c3 Ne5 18. b4 Qxe4 19. Nc5 Qc4 20. Nxe6 fxe6 21. Nxe5 Bxe5 22. Rc1 a5 23. Qe2 Qxe2 24. Rxe2 Bd6 25. Rxe6 axb4 26. axb4 c5 27. b5 Kf7 28. Rce1 c4 29. R6e4 Ra5 30. Rb1 Ra4 31. Kf2 Kf6 32. Kf3 Be5 33. b6 1-0